000 00791nam a2200241Ia 4500
008 130821s1978 sp gr spa
040 _aCo-BoUCM
_bspa
041 0 0 _aspa
100 _aLefebure, Henri
_9156708
245 0 3 _aDe lo rural a lo urbano
_cHenri Lefebure ; traducción de Javier González - Pueyo
250 _a4a. ed
260 _aBarcelona (España)
_bPeninsula
_c1978
300 _a268 páginas
490 _aHistoria / Ciencia / Sociedad ; 79
504 _aIncluye índice
650 0 4 _aMarxismo
_919003
650 0 4 _aSociología rural
_924813
650 0 4 _aSociología urbana
_924816
650 0 4 _aUrbanismo
_925989
700 _aGonz Lez - Pueyo, Javier.
_eTr
_9156709
942 _cLIBRO
_a17
_e4
_mL33
_2DEWEY
_h711.13
999 _c21911
_d21911